书目信息 |
| 题名: |
外国名诗三百首
|
|
| 作者: | 辜正坤 主编 | |
| 分册: | ||
| 出版信息: | 北京 北京出版社 2000.01 |
|
| 页数: | 748页 | |
| 开本: | 32开 | |
| 丛书名: | ||
| 单 册: | ||
| 中图分类: | I12 | |
| 科图分类: | ||
| 主题词: | 文学--作品集--世界 | |
| 电子资源: | ||
| ISBN: | 7-200-03570-X | |
| 000 | 00553nam0 2200193 45 | |
| 001 | 0010281708 | |
| 005 | 20001028173634.9 | |
| 010 | @a7-200-03570-X@d32.00元 | |
| 100 | @a20001028d2000 km y0chiy0120 ea | |
| 101 | 0 | @achi |
| 105 | @a z 000yy | |
| 200 | 1 | @a外国名诗三百首@AWai Guo Ming Shi San Bai Shou@f辜正坤主编@FGu Zheng Kun Zhu Bian |
| 210 | @a北京@c北京出版社@d2000.01 | |
| 215 | @a748页@d32开 | |
| 606 | 0 | @a文学@x作品集@x世界 |
| 690 | @aI12@v3 | |
| 701 | 0 | @a辜正坤@4主编 |
| 801 | @aCN@bPftUser@c20001028 | |
| 905 | @b195037-039@dI12@eG415@f3 | |
| 外国名诗三百首/辜正坤主编.-北京:北京出版社,2000.01 |
| 748页;32开 |
| ISBN 7-200-03570-X:32.00元 |
| ● |
| 相关链接 |
|
|
|
正题名:外国名诗三百首
索取号:I12/G415
 
预约/预借
| 序号 | 登录号 | 条形码 | 馆藏地/架位号 | 状态 | 备注 |
| 1 | 195037 | 201950371 | 社科二线400B/400B社科库 20排4列1层/ [索取号:I12/G415] | 在馆 | |
| 2 | 195038 | 201950380 | 自科二线404/108文学库 2排1列2层/ [索取号:I12/G415] | 在馆 | |
| 3 | 195039 | 201950399 | 社科二线400B/400B社科库 18排3列1层/ [索取号:I12/G415] | 在馆 |